| 000 -LEADER |
| fixed length control field |
00295nam a2200121 4500 |
| 003 - CONTROL NUMBER IDENTIFIER |
| control field |
OSt |
| 005 - DATE AND TIME OF LATEST TRANSACTION |
| control field |
20230726163246.0 |
| 008 - FIXED-LENGTH DATA ELEMENTS--GENERAL INFORMATION |
| fixed length control field |
230726b ||||| |||| 00| 0 eng d |
| 245 ## - TITLE STATEMENT |
| Title |
Financial management of government housing projects |
| 260 ## - PUBLICATION, DISTRIBUTION, ETC. (IMPRINT) |
| Place of publication, distribution, etc |
United nations |
| 300 ## - PHYSICAL DESCRIPTION |
| Extent |
63p; |
| 942 ## - ADDED ENTRY ELEMENTS (KOHA) |
| Source of classification or shelving scheme |
|